000 00476nam a2200193Ia 4500
005 20240823005837.0
008 240823s9999||||xx |||||||||||||| ||und||
041 _aENGLISH
082 _A621.382 N5
100 _aSingh R P
245 0 _aCommunication Systems Analog and Digital
250 _a1st
260 _c1995
_b"TMH,New Delhi"
500 _aYES
650 _aElectronics Communication
_bInstrumentation
700 _a Sapre S D
942 _cBK
999 _c156897
_d156897